| 000 | 00806nam a22002177a 4500 | ||
|---|---|---|---|
| 003 | BD-DhUL | ||
| 005 | 20160307091838.0 | ||
| 008 | 160117s2013 bg a|o|| b||| 000 0 ben | ||
| 020 | _a9847012003244 | ||
| 040 |
_aBD-DhUL _cBD-DhUL |
||
| 082 |
_a320.95492 _bAHBz |
||
| 100 | 1 | _aআহমেদ, সিরাজ উদ্দীন | |
| 245 | 1 | 0 |
_aবাংলাদেশ গড়লেন যারা / _cসিরাজ উদ্দীন আহমেদ |
| 250 | _a৫ম সং. | ||
| 260 |
_aঢাকা : _bকথাপ্রকাশ, _c২০১৩. |
||
| 300 |
_a২৬৪ পৃ. : _bচিত্র ; _c২২ সেমি. |
||
| 365 |
_aBDT _b300 |
||
| 504 | _aগ্রন্থপঞ্জিগত তথ্য সংবলিত | ||
| 651 | 0 |
_aBangladesh _xHistory |
|
| 942 |
_2ddc _cBK |
||
| 999 |
_c45090 _d45090 |
||